000 01730cam a22004574i 4500
003 PE-LiUPU
005 20250731173135.0
008 150623s r 000 0 d
020 _a0816312141
035 _a(Sirsi) i9780816312146
040 _aPE-LiUPU
_bspa
_cPE-LiUPU
_erda
049 _aPRUA
082 0 4 _a241.66
_bM41
_221
100 1 _aMelashenko, E. Lonnie,
_eautor.
245 1 0 _aSex :
_bthe myth and the magic /
_cE. Lonnie Melashenko.
264 1 _aOshawa, Ontario, Canada :
_bPacific Press Publishing Association,
_c1993.
300 _a64 páginas ;
_c18 centímetros
336 _atext
_2rdacontent
337 _aunmediated
_2rdamedia
338 _avolume
_2rdacarrier
505 0 _aSex without sorrow. -The good, the bad, and the ugly. -"I've Been Burned, listen to Me!". -Truth and lies abouth sex. -The great safe sex boondoggle. -We're committed, so why wait?. -The pleasure bond. -The enticing shame. -Pursuing purity. -The tyranny of self. -Out of the scrap heap.
526 _aSEG42
526 _aSEG41
526 _aSEG40
526 _aSEG39
526 _aP94
526 _aP87
526 _aP86
526 _aP85
526 _aP77
526 _aP76
526 _aP35
650 0 4 _aSexo
_xCristianismo.
650 0 4 _aVida cristiana.
942 _2ddc
_cBOOK
949 _a241.66 M41
_wDEWEY
_c1
_i52239
_lCCODEBUL1
_mBUL
_p8.00
_r0
_sY
_tBOOK
_u2015-6-24
_xTEOLOGIA
_PP35
_0COMPRA
_o.STAFF. Colección General
994 _aC0
_bPEPRU
596 _a1
999 _a241.66 M41
_wDEWEY
_c34053
_i52239
_f2021-11-10
_g5
_lCCODEBUL1
_mBUL
_p8.00
_r0
_sY
_tBOOK
_u2015-6-24
_xTEOLOGIA
_PP35
_0COMPRA
_o.STAFF. Colección General
_d34053
980 _81
_gALBERTO SANCHEZ Responsable de Automatización